000 00836nam a2200241 a 4500
001 000009719
005 20240412074212.0
008 091001s2001 xxu 000 p spa d
020 _a9993471003
040 _aDO-SdBNP
_bspa
_cBNPHU
082 _aRD861.44
_bM181s
100 1 _aMadera, Teonilda
_924387
245 1 0 _aSorbitos de café en paisajes yertos :
_bpoemas /
_cTeonilda Madera ; edición Pedro Antonio Valdez.
260 _aKearney, Nebraska :
_bMorris Publishing,
_c2001.
300 _a100 p. ;
_c22 cm.
500 _aIncluye datos biográficos de la autora.
590 _aInventariado, 2018/LP
650 0 _aPoesía dominicana
_966
650 0 _aLiteratura dominicana.
_967
700 1 _aValdez, Pedro Antonio,
_d1968-
_eed.
_922509
700 1 _aReyes, Susana,
_epról.
_924623
910 _aValidado. Control de calidad BNPHU
999 _c9479
_d9479